[Event "GCT Paris Rapid 2019"]
[Site "Paris"]
[Date "2019.07.27"]
[Round "2.5"]
[White "Giri, Anish"]
[Black "Anand, Viswanathan"]
[Result "0-1"]
[WhiteElo "2779"]
[BlackElo "2764"]
[Annotator "RC"]
[PlyCount "127"]
[EventDate "2019.07.26"]
[EventType "tourn"]
[EventCountry "FRA"]
[SourceTitle "playchess.com"]
[Source "ChessBase"]
[SourceQuality "1"]
[TimeMode "Bronstein"]
[TimeControl "1500+10"]

1. d4 {[%emt 0:00:00]} Nf6 {[%emt 0:00:00]} 2. c4 {[%emt 0:00:00]} e6 {[%emt 0:00:00]} 3. Nf3 {[%emt 0:00:00]} Bb4+ {[%emt 0:00:00]} 4. Bd2 {[%emt 0:00:00]} Qe7 {[%emt 0:00:00]} 5. g3 {[%emt 0:00:00]} Nc6 {[%emt 0:00:02]} 6. Nc3 {[%emt 0:00:01]} Bxc3 {[%emt 0:00:02]} 7. Bxc3 {[%emt 0:00:01]} Ne4 {[%emt 0:00:02]} 8. Rc1 {[%emt 0:00:15]} d6 {[%emt 0:00:20]} 9. Bg2 {[%emt 0:00:10]} O-O {[%emt 0:00:25]} 10. d5 {[%emt 0:00:30]} Nd8 {[%emt 0:00:23]} 11. dxe6 {[%emt 0:00:18]} Nxe6 {[%emt 0:00:10]} 12. O-O {[%emt 0:00:37]} Nxc3 {[%emt 0:01:43]} 13. Rxc3 {[%emt 0:00:10]} Bd7 {[%emt 0:00:10]} 14. Re1 {[%emt 0:00:12]} Bc6 {[%emt 0:00:13]} 15. e4 {[%emt 0:00:29]} a5 {[%emt 0:00:10]} 16. b3 {[%emt 0:00:35]} Rfe8 {[%emt 0:00:49]} 17. Rce3 {[%emt 0:00:10]} Qf6 {[%emt 0:00:43]} 18. e5 {[%emt 0:02:12]} dxe5 {[%emt 0:00:38]} 19. Nxe5 {[%emt 0:00:10]} Bxg2 {[%emt 0:01:13]} 20. Kxg2 {[%emt 0:00:10]} Rad8 {[%emt 0:00:10]} 21. Qg4 {[%emt 0:03:30]} Re7 {[%emt 0:04:18]} 22. h4 {[%emt 0:02:59]} Nf8 {[%emt 0:02:25]} 23. h5 {[%emt 0:02:51]} h6 {[%emt 0:02:23]} 24. Qe4 {[%emt 0:02:17]} Qb6 {[%emt 0:00:21]} 25. Qf3 {[%emt 0:01:22]} Nh7 {[%emt 0:01:26]} 26. Kg1 {[%emt 0:05:06]} Nf6 {[%emt 0:01:19]} 27. R3e2 {[%emt 0:00:29]} Qa6 {[%emt 0:02:39]} 28. Nd3 {[%emt 0:01:27]} Rxe2 {[%emt 0:00:10]} 29. Rxe2 {[%emt 0:00:10]} Qd6 {[%emt 0:00:10]} 30. Re3 {[%emt 0:00:20]} c6 {[%emt 0:00:19]} 31. Qf5 {[%emt 0:00:10]} Qa3 {[%emt 0:00:55]} 32. Re2 {[%emt 0:00:16]} a4 {[%emt 0:00:35]} 33. Nc5 {[%emt 0:01:21]} axb3 {[%emt 0:00:58]} 34. axb3 {[%emt 0:00:10]} b6 {[%emt 0:00:19]} 35. Ne4 {[%emt 0:00:15]} Nxe4 {[%emt 0:00:10]} 36. Rxe4 {[%emt 0:00:29]} Qxb3 {[%emt 0:00:10]} 37. Kg2 {[%emt 0:00:10]} Qb4 {[%emt 0:00:17]} 38. Qe5 {[%emt 0:00:10]} Rc8 {[%emt 0:00:55]} 39. Rg4 {[%emt 0:00:10]} Qf8 {[%emt 0:00:10]} 40. Kg1 {[%emt 0:00:14]} Kh8 {[%emt 0:00:10]} 41. Kg2 {[%emt 0:00:10]} f6 {[%emt 0:00:10]} 42. Qe6 {[%emt 0:00:10]} Qe8 {[%emt 0:00:10]} 43. Qf5 {[%emt 0:00:12]} Rd8 {[%emt 0:00:29]} 44. Re4 {[%emt 0:00:10]} Qf7 {[%emt 0:00:10]} 45. Re6 {[%emt 0:00:10]} b5 {[%emt 0:00:38]} 46. cxb5 {[%emt 0:00:21]} cxb5 {[%emt 0:00:10]} 47. Rb6 {[%emt 0:00:09]} Qd5+ {[%emt 0:00:10]} 48. Qxd5 {[%emt 0:00:09]} Rxd5 {[%emt 0:00:10]} 49. g4 {[%emt 0:00:09]} f5 {[%emt 0:00:10]} 50. f3 {[%emt 0:00:09]} fxg4 {[%emt 0:00:10]} 51. fxg4 {[%emt 0:00:09]} Kg8 {[%emt 0:00:10]} 52. Rb7 {[%emt 0:00:09]} Rg5 {[%emt 0:00:10]} 53. Kf3 {[%emt 0:00:09]} Kf8 {[%emt 0:00:10]} 54. Kf4 {[%emt 0:00:11]} Ke8 {[%emt 0:00:10]} 55. Ke3 {[%emt 0:00:10]} Kd8 {[%emt 0:00:10]} 56. Kf4 {[%emt 0:00:10]} Kc8 {[%emt 0:00:10]} 57. Ra7 {[%emt 0:00:10]} b4 {[%emt 0:00:10]} 58. Ra2 {[%emt 0:00:10]} b3 {[%emt 0:00:10]} 59. Rb2 {[%emt 0:00:10]} Rb5 {[%emt 0:00:10]} 60. Ke4 {[%emt 0:00:10]} Kd7 {[%emt 0:00:10]} 61. Kd3 {[%emt 0:00:10]} Ke6 {[%emt 0:00:10]} 62. Kc3 {[%emt 0:00:10]} Kf6 {[%emt 0:00:10]} 63. Rf2+ {[%emt 0:00:10]} Kg5 {[%emt 0:00:10]} 64. Kd4 {[%emt 0:00:22]} 0-1

[Event "GCT Paris Rapid 2019"]
[Site "Paris"]
[Date "2019.07.27"]
[Round "3.1"]
[White "Vachier-Lagrave, Maxime"]
[Black "Nepomniachtchi, Ian"]
[Result "0-1"]
[WhiteElo "2775"]
[BlackElo "2775"]
[Annotator "TA"]
[PlyCount "70"]
[EventDate "2019.07.26"]
[EventType "tourn"]
[EventCountry "FRA"]
[SourceTitle "playchess.com"]
[Source "ChessBase"]
[SourceQuality "1"]

{[%evp 9,70,0,0,6,6,6,6,6,6,-18,0,-62,-39,-36,-20,-52,-43,-43,-51,-37,-33,-38,-37,-32,-25,-31,-48,-43,-27,-34,-33,-93,-93,-132,-93,-93,-94,-99,-93,-93,-93,-123,-115,-116,-114,-114,-114,-197,-181,-186,-167,-222,-208,-182,-184,-241,-236,-320,-312,-308,-200,-437,-460]} 1. e4 c6 2. d4 d5 3. e5 c5 4. Nf3 cxd4 (4... Nc6 5. dxc5 e6 6. a3 Bxc5 7. b4 Bb6 8. Bd3 f6 9. Bb2 fxe5 10. Nxe5 Nf6 11. O-O O-O 12. Nd2 {½-½ (59) Rapport,R (2739)-Ponomariov,R (2682) Hengshui 2019}) 5. Qxd4 Nc6 {[%cal Bb8c6,Bc6b4,Bb4d3][%mdl 32]} 6. Qf4 {B12: Caro-Kann: Advance Variation} e6 7. Bd3 Nb4 8. Nc3 {The position is equal.} Bd7 $146 ({Predecessor:} 8... Nxd3+ 9. cxd3 Ne7 10. Ng5 Nf5 11. Nxf7 Kxf7 12. g4 {½-½ (20) Stone,G (2283)-Wong,L ICCF email 2014}) 9. h4 h5 10. Qg3 (10. Ne2 $11) 10... Ne7 11. Nd4 Qb6 12. a3 Nxd3+ 13. Qxd3 Ng6 14. f4 Rc8 15. Nce2 Bc5 $36 {[%mdl 2048] Black has the initiative.} 16. b3 Qa6 17. Qxa6 bxa6 18. Bd2 Bb5 19. Nxb5 axb5 20. b4 (20. Rh3 $15) 20... Bb6 $17 21. a4 bxa4 22. Kd1 Rc4 23. Rxa4 O-O 24. Ra2 Rfc8 25. g3 Ne7 26. Rf1 Kh7 27. Rf3 Kg6 28. f5+ (28. Rb3 $17) 28... Nxf5 $19 29. Nf4+ Kh7 {[#]} 30. Nxh5 (30. Nxd5 $1 {[%mdl 512] is a better defense.} Rd8 (30... exd5 31. Rxf5) 31. Nxb6 axb6 32. Kc1) 30... Rg4 31. Raa3 Rcc4 32. Nf4 (32. Rf1 {might work better.}) 32... Nd4 $1 {[%csl LRc2,LRf3]} 33. Rf1 Nxc2 ({Weaker is} 33... Rxc2 34. Ne2 $17) 34. Rd3 Nxb4 35. Rdf3 $2 {[#]} (35. Bxb4 Rxb4 36. Ke2) 35... Nc6 {Accuracy: White = 47%, Black = 62%.} 0-1

[Event "GCT Paris Rapid 2019"]
[Site "Paris"]
[Date "2019.07.27"]
[Round "3.2"]
[White "Anand, Viswanathan"]
[Black "Caruana, Fabiano"]
[Result "1/2-1/2"]
[WhiteElo "2764"]
[BlackElo "2819"]
[Annotator "TA"]
[PlyCount "103"]
[EventDate "2019.07.26"]
[EventType "tourn"]
[EventCountry "FRA"]
[SourceTitle "playchess.com"]
[Source "ChessBase"]
[SourceQuality "1"]

{[%evp 13,103,4,15,0,0,0,0,0,0,0,0,-4,-14,-19,0,-11,0,0,0,0,0,-2,-8,-16,-16,-16,-15,-9,0,-8,0,-16,-16,0,-3,-11,-3,-18,-19,-18,-1,-14,0,-38,-19,-23,-10,-35,-35,-35,-34,-42,-43,-43,-22,-88,-94,-96,-83,-87,-57,-54,-59,-94,-50,-104,-8,-29,-17,-39,-8,-8,-8,-8,-31,-73,-39,-56,0,0,0,0,0,0,0,0,0,0,0,0,0,0]} 1. e4 c5 2. Nf3 d6 3. Bb5+ Bd7 4. Bxd7+ Qxd7 5. O-O Nf6 6. e5 dxe5 7. Nxe5 Qc8 8. Qf3 {B52: Sicilian: Moscow Variation with 3...Bd7} e6 9. Nc3 (9. b3 Be7 10. Bb2 Nbd7 11. Nc4 O-O 12. Nc3 Qc7 13. a4 Rad8 14. Rfe1 a6 15. a5 Nb8 {1-0 (97) Nakamura,H (2764)-Gelfand,B (2748) Tashkent 2014}) 9... Be7 10. d3 O-O 11. Bf4 Nfd7 12. Nc4 Nc6 13. a4 Nd4 14. Qd1 Qc6 15. Na5 $146 ({Predecessor:} 15. Ne4 f6 {0-1 (50) Levin,Y (2016)-Kumic,F (2247) Plovdiv 2012}) 15... Qc8 16. Nc4 b6 17. Ne4 Nf6 18. Bg5 (18. h3 {is more complex.} Nf5 19. Re1 Nd5 20. Bh2 Rd8 21. Nc3) 18... Nd5 19. Bxe7 Nxe7 20. c3 Ndc6 21. a5 Qc7 22. Qa4 {Hoping for axb6.} Rab8 {[#] And now ...b5 would win.} 23. axb6 axb6 {Strongly threatening ...b5.} 24. Qc2 Rfd8 25. Rfd1 h6 26. Qe2 Ng6 27. g3 Rd5 28. Ned2 Rbd8 29. Nf3 $1 Nge7 30. Ra6 b5 31. Ne3 R5d6 32. Raa1 Qb7 33. Ne1 Ng6 34. f4 (34. Ra2 $11 {keeps the balance.}) 34... e5 $17 35. f5 Nge7 36. Qf3 Nd5 37. Nxd5 Rxd5 38. Ng2 Qb6 39. Kh1 (39. f6 $15) 39... c4 (39... R5d6 $17) 40. dxc4 $11 e4 41. Qe2 $1 Rxd1+ 42. Rxd1 Rxd1+ 43. Qxd1 Ne5 {[#] Threatens to win with ...Nd3.} 44. Qg1 Qc6 ({Reject} 44... Nxc4 $6 45. b3 $11) 45. c5 Nf3 ({Black should play} 45... Qd7 $1 $15) 46. Qe3 {The position is equal.} Qd5 47. Nf4 Qxf5 48. Kg2 {Black must now prevent c6.} g5 49. Ne2 Ne1+ 50. Kg1 {Nd4! is the strong threat.} Nf3+ 51. Kg2 Ne1+ 52. Kg1 {Accuracy: White = 56%, Black = 62%.} 1/2-1/2

[Event "GCT Paris Rapid 2019"]
[Site "Paris"]
[Date "2019.07.27"]
[Round "3.3"]
[White "Nakamura, Hikaru"]
[Black "Mamedyarov, Shakhriyar"]
[Result "1-0"]
[WhiteElo "2754"]
[BlackElo "2765"]
[Annotator "TA"]
[PlyCount "119"]
[EventDate "2019.07.26"]
[EventType "tourn"]
[EventCountry "FRA"]
[SourceTitle "playchess.com"]
[Source "ChessBase"]
[SourceQuality "1"]

{[%evp 13,119,-6,-6,-16,-16,-24,-17,-16,-20,-29,-4,-23,-31,-28,-6,-22,0,-18,-20,-24,0,-5,0,-17,0,0,0,0,39,50,60,58,50,0,0,0,0,0,61,0,0,-10,38,50,70,70,72,64,66,66,72,72,96,50,227,193,299,358,320,305,355,239,566,508,492,482,476,479,482,472,400,363,369,358,324,310,667,667,554,0,628,626,826,789,683,414,424,420,406,465,703,573,29973,29974,29974,29974,5405,1185,1075,982,29979,29980,29979,29981,29981,29981,29982,29983]} 1. Nf3 Nf6 2. e3 g6 3. b3 Bg7 4. Bb2 O-O 5. d4 b6 6. Bd3 Bb7 7. Nbd2 c5 8. dxc5 {A47: 1 d4 Nf6 2 Nf3 b6: Torre, London and Colle Systems} bxc5 9. O-O Qc7 $146 ({Predecessor:} 9... d6 10. Qe2 a5 11. e4 e5 12. Bb5 Nc6 13. Bxc6 Bxc6 14. a4 Nh5 15. Rad1 Nf4 {½-½ (33) Krstic,P (2368)-Nestorovic,N (2481) Belgrade 2014}) 10. Re1 {The position is equal.} Nc6 11. e4 e5 12. Nf1 d6 13. Ne3 Nb4 14. Nd2 a5 15. a3 Nxd3 16. cxd3 {[#]} a4 $1 {[%mdl 512]} 17. b4 (17. bxa4 Bc6) 17... cxb4 18. axb4 d5 {[%cal Rd5e4]} 19. Rxa4 dxe4 20. Ndc4 exd3 21. Bxe5 Qd8 22. Rxa8 Bxa8 23. Bd6 Re8 24. Qxd3 Ne4 25. Rd1 h5 (25... Bc6 $11) 26. f3 (26. Be5 $14 Qxd3 27. Rxd3) 26... Nc3 $11 27. Rd2 Qg5 28. f4 Qh4 {Hoping for ...Qe1+.} 29. g3 $36 {[%mdl 2048] White has some pressure.} Qf6 {[#]} 30. Be5 $1 {[%cal Re5f6]} Qc6 31. Qxc3 $1 Qh1+ 32. Kf2 {And now Nd6 would win.} Qxh2+ 33. Ke1 Qxg3+ $2 (33... Qh1+ $14 34. Nf1 f6 {[%mdl 64] Pin}) 34. Kd1 Be4 {[#]} (34... Bh6 $142 35. Nd6 Rf8) 35. Kc1 $1 $18 (35. Bxg7 Qg1+ 36. Ke2 Qh2+ 37. Ke1 Qg1+ 38. Ke2 Qh2+ 39. Kf1 Qh1+ 40. Kf2 Qh2+ 41. Kf1 (41. Ke1 Qh1+ 42. Kf2 Qh2+ 43. Kf1 Qh1+ 44. Kf2 $11) 41... Qh1+ 42. Kf2 Qh2+ 43. Kf1 $11 (43. Ke1 Qh1+ 44. Kf2 $11)) 35... Bxe5 36. fxe5 ({Less strong is} 36. Nxe5 Qe1+ 37. Nd1 Bf5 $18) 36... Qe1+ 37. Kb2 Kh7 $2 (37... Qb1+ {is tougher.} 38. Ka3 Ra8+ 39. Na5 Bf5 40. Nxf5 Qxf5) 38. Rd7 Qf2+ 39. Qd2 Qxd2+ 40. Rxd2 (40. Nxd2 Rxe5 41. Nec4 Re6 $18) 40... g5 41. b5 {[%cal Bb4b5,Bb5b6][%mdl 32]} g4 42. b6 g3 43. Kc3 (43. Nd6 Rxe5 44. Kc3 (44. Nxf7 Rb5+ 45. Ka3 Ba8 $11) 44... Ba8 $16) 43... Ba8 44. Ng2 Re7 $2 (44... Rb8 45. Nh4 Rc8) 45. Nh4 Re8 46. Ng2 Re7 $1 47. Kd4 Kh6 48. Nd6 Kg5 49. Ne4+ Kg4 {With the idea ...Rd7+.} 50. Ne3+ Kf4 51. Nf6 Kf3 (51... Rb7 $142 52. Nxh5+ Kf3) 52. Nf5 g2 53. Rxg2 Kxg2 54. Nxe7 h4 55. Ned5 Kf3 56. Ne4 h3 57. Ng5+ {[%mdl 64] Double Attack. White mates.} Kg4 {[#]} 58. Nxh3 $1 Kxh3 59. Nf6 Kg3 60. Ne8 {Accuracy: White = 79%, Black = 36%.} 1-0

[Event "GCT Paris Rapid 2019"]
[Site "Paris"]
[Date "2019.07.27"]
[Round "3.4"]
[White "Dubov, Daniil"]
[Black "Giri, Anish"]
[Result "1/2-1/2"]
[WhiteElo "2700"]
[BlackElo "2779"]
[Annotator "TA"]
[PlyCount "92"]
[EventDate "2019.07.26"]
[EventType "tourn"]
[EventCountry "FRA"]
[SourceTitle "playchess.com"]
[Source "ChessBase"]
[SourceQuality "1"]

{[%evp 13,92,0,-5,-10,-22,0,0,-6,0,-24,0,0,0,0,0,-30,-20,-12,21,28,26,27,26,18,20,20,29,15,15,16,21,16,47,47,52,58,64,0,0,0,22,0,0,0,0,0,0,0,0,0,0,0,0,-2,0,0,0,0,0,0,0,0,17,8,8,0,0,0,0,0,0,0,0,0,0,0,0,0,0,0,0]} 1. d4 Nf6 2. c4 e6 3. Nf3 d5 4. g3 Bb4+ 5. Nc3 O-O 6. Bg2 dxc4 7. O-O Nc6 8. Qa4 {E20: Nimzo-Indian: 4 g3 and 4 f3} Nd5 9. Qc2 Be7 10. Rd1 Ncb4 11. Qd2 Bd7 $146 ({Predecessor:} 11... c5 12. dxc5 Nxc3 13. bxc3 Nc6 14. Qc2 Qa5 15. Ng5 Bxg5 16. Bxg5 Qxc5 {½-½ (44) Cheparinov,I (2709)-Gelfand,B (2673) St Petersburg 2018}) 12. Ne5 b5 13. a4 a6 14. axb5 (14. e4 {keeps more tension.} Nb6 15. Qe2 f6 16. Nxd7 Qxd7 17. a5) 14... Bxb5 15. e4 Nxc3 (15... Nb6 {is interesting.} 16. Qe2 Qe8 17. Be3 Rd8 18. h4 Bd6) 16. bxc3 Nd3 17. Nxd3 cxd3 18. Qa2 c5 19. c4 Bd7 20. Rxd3 {next e5 is good for White.} cxd4 21. e5 Ra7 22. Bb2 Bc5 23. Bxd4 Qc7 24. Qa5 Rc8 25. Qd2 (25. Bf1 $14) 25... Bxd4 $11 {The position is equal.} 26. Rxd4 Qxe5 27. Rd1 Be8 $1 28. Rd8 Qc7 29. Qd4 {[#] Threatens to win with Rxc8.} Rxd8 30. Qxd8 {[%cal Rd8e8]} Kf8 31. Qd3 $1 Kg8 32. Qd8 {[%cal Rd8e8]} Kf8 33. Qd3 $1 f5 34. Qe3 Qe7 35. c5 Rc7 36. Rd6 Bb5 37. h4 h6 38. Qd4 Rd7 39. g4 fxg4 40. Rxd7 Qxd7 41. Qxg4 Qd2 {Hoping for ...Qe1+.} 42. Qf3+ Ke7 {[#] aiming for ...Qc1+.} 43. Qb7+ Kf6 {White must now prevent ...Qc1+.} 44. Qf3+ Ke7 {...Qc1+ is the strong threat.} 45. Qb7+ Kf6 {And now ...Qc1+ would win.} 46. Qf3+ Ke7 {Accuracy: White = 75%, Black = 80%.} 1/2-1/2

[Event "GCT Paris Rapid 2019"]
[Site "Paris"]
[Date "2019.07.27"]
[Round "3.5"]
[White "Duda, Jan-Krzysztof"]
[Black "Grischuk, Alexander"]
[Result "1-0"]
[WhiteElo "2729"]
[BlackElo "2766"]
[Annotator "TA"]
[PlyCount "41"]
[EventDate "2019.07.26"]
[EventType "tourn"]
[EventCountry "FRA"]
[SourceTitle "playchess.com"]
[Source "ChessBase"]
[SourceQuality "1"]

{[%evp 9,55,0,0,-31,-11,-25,-32,-26,4,14,0,0,82,79,83,77,54,65,122,120,119,93,124,9,111,-4,-6,-11,-18,-28,-34,-30,0,0,0,0,14,23,315,290,345,345,566,566,566,560,550,518]} 1. Nf3 d5 2. c4 d4 3. b4 f6 4. e3 e5 5. c5 a5 6. Qa4+ {A09: Réti Opening: 1 Nf3 d5 2 c4} Qd7 7. Bb5 c6 $1 {[%cal Rc6b5]} 8. Bc4 {Black is slightly better.} Na6 (8... Ne7 9. b5 Nd5 10. Ba3 Nc7 11. bxc6 Nxc6 12. O-O Nb4 13. Qb3 Bxc5 14. exd4 b5 {½-½ (14) Maghsoodloo,P (2673)-Wang,H (2718) Sharjah 2019}) 9. exd4 e4 10. b5 Nb4 (10... exf3 $11 {keeps the balance.} 11. bxa6 Qe7+ 12. Kf1 fxg2+ 13. Kxg2 Qe4+ {[%mdl 64] Double Attack} 14. f3 Qh4) 11. a3 $1 $16 {[%cal Ra3b4]} exf3 12. axb4 {aiming for bxc6.} Qxd4 13. d3 $146 Qe5+ (13... fxg2 $14 14. Rg1 Qe5+ {[%mdl 64] Double Attack} 15. Be3 Qxh2) 14. Be3 fxg2 15. Rg1 Ne7 16. Nd2 (16. Rxg2 $16 Kd8 17. d4) 16... Bd7 (16... Qxh2 $11 17. Nf3 Qh5) 17. bxa5 (17. Rxg2 $16 {Threatens to win with d4.} Nd5 18. d4) 17... Nd5 $36 {[%mdl 2048] White is under pressure.} 18. d4 Qxh2 19. Nf3 Qh5 20. a6 $1 {[%cal Ba5a6,Ba6b7][%mdl 32]} Be7 ({Wrong is} 20... Qxf3 $2 21. axb7 Rxa4 22. b8=Q+ Kf7 23. Rxa4 $18) (20... Bd6 $5 21. cxd6 Qxf3 $11) 21. Qd1 {Played: a6xb7} 1-0

[Event "GCT Paris Rapid 2019"]
[Site "Paris"]
[Date "2019.07.28"]
[Round "4.1"]
[White "Grischuk, Alexander"]
[Black "Anand, Viswanathan"]
[Result "1/2-1/2"]
[WhiteElo "2766"]
[BlackElo "2764"]
[Annotator "TA"]
[PlyCount "97"]
[EventDate "2019.07.26"]
[EventType "tourn"]
[EventCountry "FRA"]
[SourceTitle "playchess.com"]
[Source "ChessBase"]
[SourceQuality "1"]

{[%evp 20,97,12,0,0,0,10,-4,0,-11,-14,-79,-87,-80,-73,-95,-79,-79,-56,-78,-75,-95,-99,-106,-96,-112,-75,-123,-66,-81,-73,-107,-6,-23,0,0,0,0,0,0,0,0,0,0,0,0,0,0,0,-20,-8,-22,0,0,0,0,0,0,0,0,0,0,0,0,0,0,0,0,0,0,0,0,0,0,0,0,0,0,0,0]} 1. d4 Nf6 2. c4 e6 3. Nf3 d5 4. g3 Bb4+ 5. Bd2 Be7 6. Bg2 O-O 7. O-O Nbd7 8. Qc2 c6 9. Bf4 b6 10. Rd1 Bb7 11. Ne5 Nh5 {E08: Closed Catalan: Main Line: 7 Qc2} (11... Rc8 12. Nc3 Nh5 13. Bc1 Nhf6 14. e4 Bb4 15. Bg5 Qc7 16. Nxd7 Nxd7 17. a3 Bxc3 18. Qxc3 dxc4 19. Bf4 Qd8 20. Bd6 {0-1 (76) Dominguez Perez,L (2739)-Caruana,F (2822) Saint Louis 2018}) 12. Bc1 Nhf6 13. Nc3 Nxe5 14. dxe5 Ng4 15. Bf4 (15. e4 $11 {remains equal.} d4 16. Ne2) 15... g5 $17 {[#]} 16. Bc1 $146 ({Predecessor:} 16. Bf3 Nxf2 17. Kxf2 gxf4 18. gxf4 Bc5+ 19. Kg2 {0-1 (31) Ernst,S (2540)-Bluebaum,M (2580) Germany 2016}) 16... Nxe5 17. b3 Ng6 18. Bb2 Bf6 19. b4 Rc8 20. Ne4 Bxb2 21. Qxb2 f5 22. Nd2 Qe7 23. Rac1 e5 ({Black should try} 23... h5 $17 24. Qa3 Ra8) 24. Qb3 {[%cal Rc4d5]} e4 25. b5 cxb5 (25... Rfd8 $17 {With the idea ...c5.} 26. cxd5 cxd5 27. Rxc8 Rxc8) 26. cxd5 $11 Rxc1 27. d6+ $1 {The position is equal.} Qf7 28. Rxc1 Qxb3 29. Nxb3 Rd8 30. Rc7 {[#] And now d7 would win.} Bd5 31. Nd4 Rxd6 32. Nxf5 Rc6 33. Rxc6 Bxc6 {[%mdl 4096] Endgame KBN-KBN} 34. Nd6 (34. Nd4 {is interesting.} Be8 35. Bxe4 b4 36. Bd5+ Kg7 37. f3) 34... b4 35. Bxe4 Bxe4 (35... Bd7 {is more complex.} 36. Bb1 Ne7 37. e4 g4 38. Kg2 Kg7) 36. Nxe4 {KN-KN} Ne7 37. Kf1 Nd5 38. Ke1 Nc3 39. Nxc3 bxc3 {KP-KP} 40. f4 gxf4 41. gxf4 b5 42. Kd1 b4 43. Kc2 Kf7 44. e4 Ke6 45. Kb3 a5 46. h4 h5 47. a3 Kd6 48. axb4 axb4 49. Kc2 {Accuracy: White = 60%, Black = 61%.} 1/2-1/2

[Event "GCT Paris Rapid 2019"]
[Site "Paris"]
[Date "2019.07.28"]
[Round "4.2"]
[White "Caruana, Fabiano"]
[Black "Dubov, Daniil"]
[Result "1/2-1/2"]
[WhiteElo "2819"]
[BlackElo "2700"]
[Annotator "TA"]
[PlyCount "51"]
[EventDate "2019.07.26"]
[EventType "tourn"]
[EventCountry "FRA"]
[SourceTitle "playchess.com"]
[Source "ChessBase"]
[SourceQuality "1"]

{[%evp 14,51,8,6,27,18,19,29,22,20,27,26,17,26,20,6,23,36,96,98,85,86,152,146,130,27,23,31,23,0,0,0,0,0,0,0,0,0,0,0]} 1. e4 c5 2. Nf3 Nc6 3. Nc3 g6 4. d4 cxd4 5. Nxd4 Bg7 6. Be3 Nf6 7. Bc4 O-O 8. Bb3 Re8 {B35: Sicilian: Accelerated Dragon with 5 Nc3: main line} 9. f3 d5 10. exd5 Nb4 {[%cal Rf6d5] White has an edge.} 11. Nde2 e6 {[%cal Rb4d5]} 12. d6 (12. Bd4 exd5 13. Qd2 Nc6 14. O-O-O Nxd4 15. Nxd4 Bd7 16. g4 {1-0 (33) Navara,D (2740)-Gelfand,B (2703) Batumi 2018}) 12... Nbd5 13. Bd4 $36 {[%mdl 2048] White has good play.} Qxd6 14. Bxd5 $146 ({Predecessor:} 14. O-O Ne7 15. Bf2 Qe5 16. Qd4 {1-0 (52) Rego,P (2228)-Fossan,A (2040) Lisbon 2019}) 14... exd5 15. Qd2 b5 (15... Bd7 $14) 16. Nxb5 $16 Qe7 {[#]} 17. Nbc3 $1 Rb8 (17... Ba6 $142) 18. O-O-O Bf5 19. g4 ({White should play} 19. Kb1 $16) 19... Qb4 $11 {[%csl Gb8][%cal Rb4b2]} 20. b3 Nxg4 $1 21. fxg4 (21. Bxg7 {is more complex.} Ne3 22. Nxd5 Nxd5 23. Bb2 Ne3 24. Qxb4 Rxb4 25. Rd6) 21... Rxe2 $1 {The position is equal.} 22. Nxe2 Qa3+ $1 23. Kb1 Rxb3+ $1 24. axb3 ({Avoid the trap} 24. Ka1 $2 {[#]} Rb2 $1 $19 {[%mdl 512]}) 24... Qxb3+ 25. Ka1 Qa3+ 26. Kb1 {Accuracy: White = 69%, Black = 62%.} 1/2-1/2

[Event "GCT Paris Rapid 2019"]
[Site "Paris"]
[Date "2019.07.28"]
[Round "4.3"]
[White "Giri, Anish"]
[Black "Vachier-Lagrave, Maxime"]
[Result "0-1"]
[WhiteElo "2779"]
[BlackElo "2775"]
[Annotator "TA"]
[PlyCount "94"]
[EventDate "2019.07.26"]
[EventType "tourn"]
[EventCountry "FRA"]
[SourceTitle "playchess.com"]
[Source "ChessBase"]
[SourceQuality "1"]

{[%evp 20,94,-23,-22,-20,-31,0,0,0,-54,0,0,0,-7,-8,0,0,0,0,0,0,0,0,0,0,0,0,0,0,0,0,-10,0,0,0,0,35,38,31,39,40,39,61,60,95,70,70,74,77,77,68,61,74,64,66,53,88,65,99,63,66,62,58,58,56,52,74,35,34,34,35,0,-5,-4,0,-522,-522]} 1. e4 c5 2. Nf3 d6 3. d4 cxd4 4. Nxd4 Nf6 5. Nc3 a6 6. Bg5 e6 7. f4 Qb6 ({Predecessor:} 7... h6 8. Bh4 Qb6 9. Qd2 Qxb2 10. Rb1 Qa3 {½-½ (68) Cernousek,L (2494)-Vykouk,J (2428) Czech Republic 2016}) 8. Qd2 Qxb2 9. Rb1 Qa3 10. e5 h6 11. Bh4 dxe5 {B97: Sicilian Najdorf: Poisoned Pawn} 12. fxe5 Nfd7 $146 (12... g5 13. exf6 gxh4 14. Be2 Qa5 15. O-O Nd7 16. Kh1 Qg5 17. Qe1 Nxf6 18. Nf3 Qg7 19. Ne5 {½-½ (35) Radjabov,T (2748)-Wojtaszek,R (2744) Shamkir 2018}) 13. Ne4 $1 {[#] Strongly threatening Be2.} Qxa2 {The position is equal.} 14. Rd1 $1 Qd5 ({Black should play} 14... Qb2 $1 $15) 15. Qe3 $1 $11 Qxe5 {Hoping for ...f5.} 16. Be2 $1 Bc5 $1 {White should prevent ...0-0.} 17. Bg3 Qd5 18. c4 Bxd4 19. Rxd4 Qa5+ 20. Rd2 $1 {Nd6+ is the strong threat.} O-O $1 {And now ...f5 would win.} 21. Bd6 $1 f5 22. Bxf8 Nxf8 ({Don't go for} 22... Kxf8 $2 {[#]} 23. Nd6 $1 $18 {[%mdl 512]}) 23. Nd6 Nbd7 24. O-O Qc5 25. Qd4 a5 26. g4 $36 {[%mdl 2048] White is more active.} f4 27. Rxf4 a4 (27... e5 $5 {[%cal Re5d4]} 28. Qxc5 Nxc5 $11) 28. Rf1 Qxd4+ 29. Rxd4 Nc5 30. Bf3 a3 31. Rd2 Nfd7 32. Nxc8 Rxc8 33. Bxb7 Rb8 34. Bc6 Ne5 35. Bb5 $1 Nxg4 36. Ra2 Rd8 37. Rxa3 Rd2 38. h3 Nf6 39. Re3 Kf7 40. Rf2 Rd1+ 41. Kh2 Ke7 42. Ra3 Nfe4 43. Ra7+ Kd6 44. Re2 Ng5 45. Rxg7 {Black must now prevent Kg2.} Nf3+ 46. Kg3 Nd4 47. Kf2 $2 {[%mdl 8192]} (47. Rg2 $11 {and White is okay.}) 47... Nd3+ {Accuracy: White = 83%, Black = 63%.} 0-1